000 00913nam a2200277 i 4500
003 EG-GICUC
005 20260128213829.0
008 260128s1960 fr ||||fr ||| 00| 0 fre d
040 _aEG-GICUC
_cEG-GICUC
_dEG-GICUC
_erda
_bfre
041 0 _afre
082 0 4 _221
_a341.1
_bLI .D
092 0 4 _221
099 _aLaw1 11 341.1 LI .D 1960
110 _aLibrairie Du Recueil Sirey
_eAuteur
245 1 2 _aDictionnaire DeLa Terminologie Du Droit International /
_cLibrairie Du Recueil Sirey .
264 0 _aParis :
_bLibrairie De La Société Du Recueil Sirey ,
_c1960 .
300 _a755 Pages ;
_c30 cm.
336 _atext
_2rda content
337 _aComputer
_2rda media
338 _aOnline Resource
_2rda carrier
546 _aTexte en plusieurs langues
650 0 4 _aDroit international public
856 _uhttps://fll.law.cu.edu.eg/fulltext/th/B11-06987.pdf
905 _a59
942 _2ddc
_cBK
_e21
_n0
999 _c60005
_d60005